| 000 | 00387nam a2200145Ia 4500 | ||
|---|---|---|---|
| 008 | 150201s2012 xx 000 0 und d | ||
| 082 |
_a403 _bC2012S |
||
| 100 | _aCATHERINE ,SOANES | ||
| 245 | _aCOMPACT OXFORD ENGLISH DICTIONARY OF CURRENT ENGLISH | ||
| 250 | _a3RD | ||
| 260 |
_bOXFORD UNIVERSITY PRESS _aLONDON _c2012 |
||
| 300 | _a1-1210 | ||
| 650 | _aDICTIONARIES | ||
| 942 |
_2ddc _cBK |
||
| 999 |
_c4813 _d4813 |
||